| 000 | 00447nam a22001577a 4500 | ||
|---|---|---|---|
| 999 |
_c90756 _d90756 |
||
| 005 | 20190828084540.0 | ||
| 008 | 150415b mx ||||| |||| 00| 0 spa d | ||
| 050 | 0 | 4 |
_aQC173.98 _bR93 1972 |
| 100 | 1 | _aRydnik, Vitali | |
| 245 | 1 | 0 |
_aEl ABC de la mecánica cuántica _c/ Vitali Rydnik. |
| 250 | _a1a ed. | ||
| 260 |
_aMéxico : _bCultura Popular, _cc1972 |
||
| 300 |
_a314 p. : _bil. ; _c17 cm. |
||
| 650 | 7 |
_2Lemb _aTeoría cuántica |
|
| 942 |
_2lcc _cLIB |
||